01015nam a2200277 a 450000100060000000300080000600500170001400800410003102000280007202000350010003500190013504000320015404100080018608200240019410000270021824500670024526000340031230000240034650400630037065000390043370000270047283000490049994200120054899900170056095201600057769938BD-RjUL20211209081940.0170415s1995 nyu b 001 0 eng d a0387945253 (alk. paper) a0387945261 (pbk. : alk. paper) a(BD-RjUL)70150 aDLCcDLCdDLCdBD-RjULbeng aeng00223a512.2bALG 19951 aAlperin, J. L.920714410aGroups and representations /cJ.L. Alperin with Rowen B. Bell. aNew York :bSpringer,cc1995. ax, 194 p. ;c25 cm. aIncludes bibliographical references (p.185-186) and index. 0aRepresentations of groups.91526121 aBell, Rowen B.9207146 aGraduate texts in mathematics ;v1629207147 2ddccBK c69938d69938 00102ddc40718NFICaRUCLbRUCLcReadingd2006-03-28eDhaka, Paragan Enterprises ltd.g34.95l0o512.2 ALG 1995r2017-04-15 00:00:00tC-1w2017-04-15yBK